Posiciones de Eurovisión 2026 - Estadísticas

Estadísticas generales
  • Esta prueba ha sido intentada 25 veces
  • La puntuación promedio es 23 de 25
Estadísticas de respuestas
Posición Artista País % Correcto
23 Sarah Engels Alemania
100%
11 Monroe Francia
100%
2 Noam Bettan Israel
100%
5 Sal Da Vinci Italia
100%
25 Look Mum No Computer Reino Unido
100%
20 Felicia Suecia
100%
24 Cosmó Austria
95%
21 Essyla Bélgica
95%
1 Dara Bulgaria
95%
10 Akylas Grecia
95%
22 Lion Ceccah Lituania
95%
14 Jonas Lovv Noruega
95%
12 Alicja Polonia
95%
17 Lavina Serbia
95%
4 Delta Goodrem Australia
90%
15 Lelek Croacia
90%
7 Søren Torpegaard Lund Dinamarca
90%
6 Linda Lampenius & Pete Parkkonen Finlandia
90%
16 Daniel Žižka República Checa
90%
3 Alexandra Căpitănescu Rumania
90%
13 Alis Albania
85%
9 Leléka Ucrania
85%
8 Satoshi Moldavia
80%
19 Antigoni Chipre
75%
18 Aidan Malta
75%
No se encontraron pruebas coincidentes
Distribución de puntuación
Porcentaje de gente con cada puntuación
Porcentaje por número respondido
Historial de tus puntuaciones
No has intentado esta prueba.